000 00564nam a22001817a 4500
003 CEME
005 20210628202514.0
008 210121b xxu||||| |||| 00| 0 eng d
020 _a0-7494-4315-4
040 _cceme
082 _a658.4092 SMI
100 _aSmith , Geoff
_960207
245 _aLeading the professionals ,how to inspire and motivate professional service team
260 _aNEW DLEHI
_bKOGAN PAGE
_c2003
300 _aIV,255P
650 _aLEADERSHIP, DECISION MAKING, COMMUNICATION IN ORGANIZATIONS, COMMAND OF TROOPS
_960049
942 _cBK
_2ddc
999 _c569998
_d569998